000 00694nam a2200241Ia 4500
003 OSt
005 20220918224032.0
006 a|||||r|||| 00| 0
007 ta
008 220917b |||||||| |||| 00| 0 eng d
024 _a226,225
037 _cTextual
040 _aARTS
_cARTS
_beng
041 _2eng
_aeng
082 _a234:8, P5(2D)
100 _aHanson Terry Ed.
_946132
245 0 _aManaging academic support services in universities
_b the convergence experience
260 _aLondon
_bFacet publishing
_c2005
300 _aviii, 216p.
_ccm.
650 _aLIBRARY SCIENCE
942 _h234:8, P5(2D)
_cTEXL
_2CC
999 _c280051
_d280051